Towards global outsourcing: Leveraging value for an international portfolio (Record no. 68525)
[ view plain ]
| 000 -LEADER | |
|---|---|
| fixed length control field | 01085cam a2200205 4500 |
| 001 - CONTROL NUMBER | |
| control field | ABS64601 |
| 008 - FIXED-LENGTH DATA ELEMENTS--GENERAL INFORMATION | |
| fixed length control field | 011009n2001 000 0 eng u |
| 035 ## - SYSTEM CONTROL NUMBER | |
| System control number | (Sirsi) u115048 |
| 245 ## - TITLE STATEMENT | |
| Title | Towards global outsourcing: Leveraging value for an international portfolio |
| 260 ## - PUBLICATION, DISTRIBUTION, ETC. | |
| Date of publication, distribution, etc. | 2001 |
| 490 ## - SERIES STATEMENT | |
| Series statement | Journal of Corporate Real Estate |
| Volume/sequential designation | 3(4) September 2001, 346-355(10) |
| 520 ## - SUMMARY, ETC. | |
| Summary, etc. | Discusses global outsourcing. Looks at the compelling drivers towards an international approach to corporate real estate management, the benefits of leveraging value across borders, and key solutions to the apparent paradox of global consistency and cultural diversity. It draws on outsourcing research in other markets, pinpoints trends and directions and uses case study examples in order to propose a new holistic approach to strategic property management. [Taken from journal headnote]. |
| 590 ## - LOCAL NOTE (RLIN) | |
| Local note | ABS |
| 650 ## - SUBJECT ADDED ENTRY--TOPICAL TERM | |
| Topical term or geographic name entry element | OUTSOURCING |
| 650 ## - SUBJECT ADDED ENTRY--TOPICAL TERM | |
| Topical term or geographic name entry element | GLOBALISATION |
| 650 ## - SUBJECT ADDED ENTRY--TOPICAL TERM | |
| Topical term or geographic name entry element | CULTURAL DIFFERENCES |
| 650 ## - SUBJECT ADDED ENTRY--TOPICAL TERM | |
| Topical term or geographic name entry element | CONSISTENCY |
| 690 ## - LOCAL SUBJECT ADDED ENTRY--TOPICAL TERM (OCLC, RLIN) | |
| Topical term or geographic name as entry element | PROPERTY MANAGEMENT-CORPORATE REAL ESTATE |
| 942 ## - ADDED ENTRY ELEMENTS (KOHA) | |
| Suppress in OPAC | 0 |
| Withdrawn status | Lost status | Source of classification or shelving scheme | Damaged status | Not for loan | Home library | Current library | Shelving location | Date acquired | Total Checkouts | Full call number | Barcode | Date last seen | Copy number | Price effective from | Koha item type |
|---|---|---|---|---|---|---|---|---|---|---|---|---|---|---|---|
| Dewey Decimal Classification | London | London | Journal article | 09/10/2001 | ABS64601 | 115048-1001 | 06/08/2019 | 1 | 06/08/2019 | Journal article |